000
00183nam a2200097Ia 4500
100
_a
#N/A
942
_c
BK
245
_a
solar energy -An awakening
260
_b
#N/A
546
_a
ENGLISH
999
_c
27155
_d
27155